Detalles MARC
| 000 -CABECERA |
| campo de control de longitud fija |
01295nam a2200265 a 4500 |
| 001 - NÚMERO DE CONTROL |
| campo de control |
000026488 |
| 005 - FECHA Y HORA DE LA ÚLTIMA TRANSACCIÓN |
| campo de control |
20200930030242.0 |
| 008 - DATOS DE LONGITUD FIJA--INFORMACIÓN GENERAL |
| campo de control de longitud fija |
810211s1986 txu 001 0 spa d |
| 020 ## - NÚMERO INTERNACIONAL ESTÁNDAR DEL LIBRO |
| Número Internacional Estándar del Libro |
031109113X |
| 040 ## - FUENTE DE LA CATALOGACIÓN |
| Centro catalogador/agencia de origen |
DO-SdBNP |
| Lengua de catalogación |
spa |
| Centro/agencia transcriptor |
BNPHU |
| 041 17 - CÓDIGO DE LENGUA |
| Código de lengua del texto/banda sonora o título independiente |
spa |
| Código de lengua original |
fre |
| 082 ## - NÚMERO DE LA CLASIFICACIÓN DECIMAL DEWEY |
| Número de clasificación |
xxx |
| Número de documento/Ítem |
L673r |
| 049 ## - FONDOS LOCALES (OCLC) |
| Fondos de biblioteca |
BNGR |
| 100 1# - ENTRADA PRINCIPAL--NOMBRE DE PERSONA |
| Nombre de persona |
Lewis, John M. |
| 9 (RLIN) |
53560 |
| 240 10 - TÍTULO UNIFORME |
| Título uniforme |
Revelation, inspiration, scripture. |
| Lenguaje de la obra |
Español. |
| 245 10 - MENCIÓN DE TÍTULO |
| Título |
La revelación e inspiración de las escrituras / |
| Mención de responsabilidad, etc. |
John M. Lewis ; traducción de Pablo A. Deiros. |
| 260 ## - PUBLICACIÓN, DISTRIBUCIÓN, ETC. |
| Lugar de publicación, distribución, etc. |
El Paso, Tex. : |
| Nombre del editor, distribuidor, etc. |
Casa Bautista de Publicaciones, |
| Fecha de publicación, distribución, etc. |
1986. |
| 300 ## - DESCRIPCIÓN FÍSICA |
| Extensión |
161, [1] p. ; |
| Dimensiones |
19 cm. |
| 490 1# - MENCIÓN DE SERIE |
| Mención de serie |
Biblioteca de doctrina cristiana |
| Designación de volumen o secuencia |
3 |
| 505 0# - NOTA DE CONTENIDO CON FORMATO |
| Nota de contenido con formato |
La revelación como automanifestación de Dios -- La revelación en el antiguo y el Nuevo Testamentos -- La revelación y las escrituras -- La preservación del testimonio escrito -- Mas allá de la pagina sagrada -- Guías para la interpretación bíblica -- La autoridad de la biblia -- Revelación y redención . |
| Título |
El folleto de Junies |
| Mención de responsabilidad |
Lenin |
| 504 ## - NOTA DE BIBLIOGRAFÍA, ETC. |
| Nota de bibliografía, etc. |
Incluye referencias bibliográficas y notas al pie de las páginas |
| 534 ## - NOTA SOBRE LA VERSIÓN ORIGINAL |
| Encabezamiento principal del original |
Título original: |
| Mención de título del original |
Revelation, inspiration, scripture. |
| 700 1# - PUNTO DE ACCESO ADICIONAL--NOMBRE DE PERSONA |
| Nombre de persona |
Deiros, Pablo A. |
| Término indicativo de función/relación |
tr. |
| 9 (RLIN) |
48129 |
| 830 #0 - PUNTO DE ACCESO ADICIONAL DE SERIE-TÍTULO UNIFORME |
| Título uniforme |
Biblioteca de doctrina cristiana ; |
| Designación de volumen o secuencia |
3 |
| 9 (RLIN) |
48387 |